Practical Field Surveying and Computations
Saved in:
| Format: | Book |
|---|---|
| Language: | English |
| Published: |
London :
Heinemann Profes.Publ,
1975
|
| Tags: |
No Tags, Be the first to tag this record!
|
MARC
| LEADER | 00000nam a22000003a 4500 | ||
|---|---|---|---|
| 001 | stu195493 | ||
| 005 | 20150408182607.8 | ||
| 008 | 091104s1975----uk------------------eng-d | ||
| 040 | |a STU |b slo | ||
| 041 | 0 | |a eng | |
| 044 | |a uk | ||
| 080 | |a 528.2 | ||
| 245 | |a Practical Field Surveying and Computations | ||
| 260 | |a London : |b Heinemann Profes.Publ, |c 1975 | ||
| 300 | |a 681 s | ||
| 996 | |c V*9575/O-1927 |l VV4 |s P |a 0 |w stu195493_0001 | ||